00620nam a2200217Ia 4500003000900000008004100009040001300050040001300063041000800076100002100084245001400105250001200119260001400131260000900145300001100154300001000165490000600175942000700181999001700188952019700205IT-RoPAU120407s9999 xx 000 0 und d aIT-RoPAU cIT-RoPAU aita aPiero Bargellini aVia larga aFirenze aVallecchi c1943 a259 p. c21 cm v1 cBK c30722d30722 00102ddc406759_31000000000000071aPAULUSbPAULUSd2012-04-11l0o759.31r2012-04-11 00:00:00w2012-04-11yBKzInserito da: Carla In data: 24 ottobre 2011 fondo: Via A.Severo 56 Progr:36735